A examination of negative halo error in ratings (Record no. 68672)

MARC details
000 -CABECERA
campo de control de longitud fija 00638nam a2200229 a 4500
005 - FECHA Y HORA DE LA ÚLTIMA TRANSACCIÓN
campo de control 20210219153116.0
008 - ELEMENTOS DE LONGITUD FIJA--INFORMACIÓN GENERAL
campo de control de longitud fija 991125n 000 0 u
035 ## - NÚMERO DE CONTROL DEL SISTEMA
Número de control de sistema UPN01000078402
100 ## - ASIENTO PRINCIPAL--NOMBRE PERSONAL
Nombre de persona Lance, Charles E.
222 ## - TÍTULO CLAVE
Título clave EDUCATIONAL AND PSYCHOLOGICAL MEASUREMENT
245 ## - MENCIÓN DE TÍTULO
Título A examination of negative halo error in ratings
300 ## - DESCRIPCIÓN FÍSICA
Extensión 545-554
362 ## - FECHAS DE PUBLICACIÓN Y/O DESIGNACIÓN SECUENCIAL
Fecha de publicación y/o designación secuencial 50, No. 3, 1990
505 ## - NOTA DE CONTENIDO CON FORMATO PREESTABLECIDO
Nota de contenido con formato Enero 1992
653 0# - TERMINO DE INDIZACION - NO CONTROLADO
Término no controlado CORRELACION
653 0# - TERMINO DE INDIZACION - NO CONTROLADO
Término no controlado MODELOS CAUSALES
653 0# - TERMINO DE INDIZACION - NO CONTROLADO
Término no controlado PROBLEMAS DE INVESTIGACION
700 ## - ASIENTO SECUNDARIO--NOMBRE DE PERSONAL
Nombre de persona Fisicaro, Sebastiano A.
700 ## - ASIENTO SECUNDARIO--NOMBRE DE PERSONAL
Nombre de persona LaPointe, Julie A.
904 ## - ELEMENTOS DE DATOS D LOCAL, LDD (RLIN)
a AC
b 016213
905 ## - TIPO DE MATERIAL
Tipo de material Articulo

No items available.